000 01238nam a22003377a 4500
003 CHAP
005 20220329133901.0
008 971013s1986 r 00010 d
010 _a12217
011 _a13189
035 _a17260
040 _cCHAP
090 _aTesis
100 0 0 _aCarrillo Hernández, Fernando.
_919495
245 _aEvaluación de los métodos de extracción para determinar la calidad de la semilla de tomate (Lycopersicon esculentum Mill. Var. Floradade) bajo 3 fechas de siembra en el municipio de Marín, N.L.
260 _aMarín, N.L. :
_bEl Autor,
_c1986
300 _a117 h.
_b: ilus.
500 _aUniv. Autónoma de Nuevo León, Fac. de Agronomía
502 _aTesis (Ing. Agrónomo Fitotecnista) --
590 _aALEPH
_b10
_c20130110
_lUCH01
_h1231
590 _aBATCH-UPD
_b10
_c20130109
_lUCH01
_h2342
590 _aBATCH-UPD
_b10
_c20130110
_lUCH01
_h1621
590 _aBATCH-UPD
_b10
_c20130410
_lUCH01
_h1015
590 _aBATCH-UPD
_b10
_c20130914
_lUCH01
_h0910
590 _aCONVERSION
_b10
_c20130109
_lUCH01
_h1308
650 1 4 _aTomate
_xFechas de siembra.
_9113720
650 1 4 _aTomate
_xSemilla.
_9113765
901 _aBK
942 _cTESIS
949 _bBC
_cTES
_d-40878
_eTS1
_h20085
_i17260
_mD
_si
999 _c12217
_d12217